| 000 | 01056nam2a2200253 4500 | ||
|---|---|---|---|
| 001 | rc\2892435 | ||
| 005 | 20260315053139.0 | ||
| 035 | _a(NLR Aleph) 007044690 | ||
| 090 |
_a13588761 _c13588761 |
||
| 100 | _a20110726d1928 u y0rusy50 ca | ||
| 101 | 0 | _arus | |
| 102 | _aRU | ||
| 105 | _ay z ||||| | ||
| 200 | 1 |
_aТаблицы _fПод ред. проф. Л.Б. Кафенгауз |
|
| 210 | _d1928 | ||
| 215 | _a[2], 115 с. | ||
| 461 | 0 |
_1001rc\2892434 _12001#$aПромышленность СССР в 1926/27 году$eЕжегодник ВСНХ. [Т. 2]$vТ. 2 _96131598 _aСССР (до 1932 г.). Высший совет народного хозяйства _cМосква _d1928 _e7-й год изд. _nГос. техн. изд-во _oЕжегодник ВСНХ. [Т. 2] _p519 с. _tПромышленность СССР в 1926/27 году _vТ. 2 |
|
| 702 | 1 |
_aКафенгауз _bЛ.Б. _4340 |
|
| 801 | 0 |
_aRU _bNLR _gpsbo |
|
| 801 | 1 |
_aRU _bELAR _2rusmarc |
|
| 852 |
_aNLR _j17.133.3.47(7) |
||
| 852 |
_aNLR _j132/4982(1) |
||
| 942 | _cUNSPEC | ||
| 980 | _aNB | ||